000 00377nam a22001697a 4500
003 MPLRDC
005 20220104143955.0
008 210129b ||||| |||| 00| 0 eng d
082 _a420.1 KRZ
100 _a古瑞珍编译
245 _a家事秘诀
_c
250 _a初版
260 _a
_b王家出版社
_c1977
300 _b
650 _a
942 _cBK
_o420.1 KRZ
999 _c45176
_d45166